The event of The Quran : Islam in Its scripture
| Main Author: | |
|---|---|
| Format: | Book |
| Published: |
Oxford :
Oneworld Publications ,
2006
|
| Subjects: |
MARC
| LEADER | 00000cam a2200000 7i4500 | ||
|---|---|---|---|
| 001 | 0000101606 | ||
| 005 | 20060817.0 | ||
| 020 | |a 1851680675 | ||
| 090 | 0 | 0 | |a 297.122 |b CRA |
| 100 | 1 | |a Cragg, Kenneth | |
| 245 | 1 | 4 | |a The event of The Quran : |b Islam in Its scripture |c Kenneth Cragg |
| 260 | |a Oxford : |b Oneworld Publications , |c 2006 | ||
| 300 | |a 208p. ; |c 22cm. | ||
| 650 | 0 | 0 | |a Islam |x Doctrines |
| 650 | 0 | 0 | |a Islam |x History |
| 999 | |a 00193627 |b BUKU |c PINJAMAN |e PERPUSTAKAAN KOMUNITI PETALING JAYA | ||